[Event "Challenge"]
[Site "http://www.queenalice.com/game.php?id=763991"]
[Date "2010.4.21"]
[Round "-"]
[White "kxkmuller"]
[Black "brancao"]
[Result "1-0"]
[WhiteElo "1500"]
[BlackElo "1628"]

1. e4 e5 2. f4 exf4 3. Nf3 d5 4. exd5 Qxd5 5. Nc3 Qe6+ 6. Be2 Bc5 7. d4 Bd6 8.
O-O Nf6 9. Bb5+ c6 10. Re1 Be5 11. Rxe5 cxb5 12. Nxb5 O-O 13. Rxe6 fxe6 14. Nc7
Rd8 15. Nxa8 e5 16. Nxe5 Na6 17. Bxf4 Be6 18. c4 Rxa8 19. Qf3 Rb8 20. d5 Bf5 21.
Nd7 Bxd7 22. Bxb8 Nxb8 23. b4 Bg4 24. Qf4 Nbd7 25. Qc7 b5 26. h3 Be2 27. c5 Bh5
28. c6 Nf8 29. d6 Be8 30. d7 Bxd7 31. cxd7 N8xd7 32. Qd8+ Nf8 33. Rf1 h5 34. g4
hxg4 35. hxg4 Nd7 36. g5 a6 37. g6 1-0

[Event "Challenge"]
[Site "http://www.queenalice.com/game.php?id=763993"]
[Date "2010.4.21"]
[Round "-"]
[White "kxkmuller"]
[Black "thekleber"]
[Result "1-0"]
[WhiteElo "2052"]
[BlackElo "1500"]

1. e4 e6 2. d4 d5 3. exd5 exd5 4. Bd3 Nf6 5. Bg5 Be7 6. h3 O-O 7. Nf3 Ne4 8.
Bxe7 Qxe7 9. O-O Ng5 10. Nc3 c6 11. Re1 Qd8 12. Nxg5 Qxg5 13. Qf3 Be6 14. Rxe6
fxe6 15. Bxh7+ Kxh7 16. Qxf8 e5 17. Qc8 e4 18. Qxb7 e3 19. Rf1 exf2+ 20. Rxf2
Nd7 21. Qxa8 Nf6 22. Qxc6 Nh5 23. Qxd5 Qc1+ 24. Kh2 Nf6 25. Qf5+ Kh8 26. Ne4
Nxe4 27. Qxe4 Qxb2 28. Rf8# 1-0

[Event "Challenge"]
[Site "http://www.queenalice.com/game.php?id=764905"]
[Date "2010.4.23"]
[Round "-"]
[White "andreucb"]
[Black "kxkmuller"]
[Result "0-1"]
[WhiteElo "1457"]
[BlackElo "2052"]

1. d4 d5 2. c4 c6 3. Nf3 Nf6 4. Nc3 e6 5. Bg5 Be7 6. Ne5 Nbd7 7. h3 dxc4 8. e4
Nxe5 9. dxe5 Nd7 10. Bf4 b5 11. Be2 O-O 12. Bf3 a5 13. g4 Nc5 14. O-O Nd3 15.
Qd2 b4 16. Ne2 f6 17. exf6 Bxf6 18. e5 Bxe5 19. Bxe5 Rxf3 20. Bd4 Bb7 21. Be3 c5
0-1

[Event "Challenge"]
[Site "http://www.queenalice.com/game.php?id=766198"]
[Date "2010.4.25"]
[Round "-"]
[White "Samelo"]
[Black "kxkmuller"]
[Result "0-1"]
[WhiteElo "1718"]
[BlackElo "2035"]

1. d4 d5 2. Nf3 c6 3. c4 Nf6 4. Nc3 e6 5. Bg5 Be7 6. e3 O-O 7. c5 Nbd7 8. b4 h6
9. Bf4 Nh5 10. Bd3 Nxf4 11. exf4 f5 12. O-O Nf6 13. Ne5 Ne4 14. Rc1 Bd7 15. f3
Nf6 16. a4 Nh5 17. g3 g5 18. fxg5 hxg5 19. b5 Be8 20. Rb1 Qc7 21. Kg2 Kg7 22.
bxc6 bxc6 23. Bc2 Bxc5 24. f4 Be7 25. Qe2 gxf4 26. gxf4 Bf6 27. Qa6 Kh8 28. Rb7
Qc8 29. Rfb1 Nxf4+ 30. Kh1 Bh5 31. Bd1 Bxe5 32. dxe5 Rf7 33. Bxh5 Nxh5 34. a5
Nf4 35. Na4 Nd3 36. Qxd3 Rxb7 37. Rxb7 Qxb7 38. Nc5 Qh7 39. Nxe6 Qh6 40. Qxf5
Qc1+ 41. Kg2 Rg8+ 42. Kh3 Qh6+ 0-1

[Event "AUTO-OPEN-1963"]
[Site "http://www.queenalice.com/game.php?id=769413"]
[Date "2010.5.2"]
[Round "1"]
[White "kxkmuller"]
[Black "serrameira"]
[Result "1-0"]
[WhiteElo "1764"]
[BlackElo "1906"]

1. e4 e5 2. f4 exf4 3. Nf3 Nc6 4. d4 g5 5. Bc4 Na5 6. Bd3 b6 7. O-O Bb7 8. Nbd2
f6 9. e5 g4 10. Nh4 fxe5 11. Qxg4 Qf6 12. dxe5 Qe6 13. Bf5 Qd5 14. Ndf3 Bc5+ 15.
Kh1 O-O-O 16. Bxf4 h5 17. Qh3 Nh6 18. Rad1 Qf7 19. Rxd7 Rxd7 20. e6 Qf6 21.
exd7+ Kd8 22. Bg5 1-0

[Event "AUTO-OPEN-1963"]
[Site "http://www.queenalice.com/game.php?id=769414"]
[Date "2010.5.2"]
[Round "1"]
[White "serrameira"]
[Black "kxkmuller"]
[Result "0-1"]
[WhiteElo "1906"]
[BlackElo "1945"]

1. e4 c5 2. Nf3 d6 3. d4 cxd4 4. Nxd4 a6 5. Bd3 Nc6 6. Nxc6 bxc6 7. O-O e5 8.
Nc3 Be7 9. b3 Nf6 10. Bb2 O-O 11. Ne2 Bg4 12. h3 Bh5 13. Qd2 Qc7 14. Ng3 Bg6 15.
Rae1 Nd7 16. a4 Nc5 17. Bc4 Rfd8 18. f4 d5 19. Bd3 Bh4 20. Rf3 dxe4 21. Bxe5 Qa7
22. Rfe3 exd3 23. Bd6 Bxg3 24. Bxc5 Qxc5 25. b4 Bxe1 0-1

[Event "AUTO-OPEN-1963"]
[Site "http://www.queenalice.com/game.php?id=769415"]
[Date "2010.5.2"]
[Round "1"]
[White "kxkmuller"]
[Black "Veselin_Topalov"]
[Result "1-0"]
[WhiteElo "2052"]
[BlackElo "1944"]

1. e4 e6 2. d4 d5 3. exd5 exd5 4. Bd3 Bd6 5. h3 c6 6. Nf3 Nf6 7. O-O O-O 8. Re1
h6 9. Be3 Be6 10. Qc1 Nbd7 11. Bf4 Qc7 12. Bxh6 gxh6 13. Qxh6 Bf4 14. Ng5 Bxg5
15. Qxg5+ Kh8 16. Re3 Ne4 17. Bxe4 dxe4 18. Rxe4 Bf5 19. Qxf5 Rg8 20. Rh4+ Kg7
21. Rh7+ 1-0

[Event "AUTO-OPEN-1963"]
[Site "http://www.queenalice.com/game.php?id=769416"]
[Date "2010.5.2"]
[Round "1"]
[White "Veselin_Topalov"]
[Black "kxkmuller"]
[Result "0-1"]
[WhiteElo "1923"]
[BlackElo "2078"]

1. d4 d5 2. Nf3 c6 3. c4 Nf6 4. cxd5 cxd5 5. Bf4 e6 6. e3 Be7 7. h3 O-O 8. Bd3
b6 9. Nc3 Ba6 10. O-O Bxd3 11. Qxd3 Nc6 12. a3 Rc8 13. Rac1 Qd7 14. b4 Qb7 15.
e4 Nxb4 16. axb4 dxe4 17. Nxe4 Qxe4 18. Qxe4 Nxe4 19. Ra1 Ra8 20. b5 Nc3 0-1

[Event "AUTO-OPEN-1963"]
[Site "http://www.queenalice.com/game.php?id=769417"]
[Date "2010.5.2"]
[Round "1"]
[White "kxkmuller"]
[Black "Nunes"]
[Result "1-0"]
[WhiteElo "2052"]
[BlackElo "1463"]

1. e4 c5 2. Nf3 e6 3. d4 cxd4 4. Nxd4 Nf6 5. Nc3 d6 6. Be3 a6 7. f4 b5 8. Bd3 b4
9. Nb1 Bb7 10. Nd2 Be7 11. O-O O-O 12. g4 Nbd7 13. g5 Ne8 14. Qh5 1-0

[Event "AUTO-OPEN-1963"]
[Site "http://www.queenalice.com/game.php?id=769418"]
[Date "2010.5.2"]
[Round "1"]
[White "Nunes"]
[Black "kxkmuller"]
[Result "0-1"]
[WhiteElo "1321"]
[BlackElo "2052"]

1. e4 c5 2. Nf3 d6 3. d4 cxd4 4. Nxd4 a6 5. Nc3 Nc6 6. Be3 e5 7. Nb3 Be6 8. Be2
Be7 9. O-O Nf6 10. f4 O-O 11. f5 Bxb3 12. axb3 Rc8 13. Kh1 Nb4 14. Bg5 d5 0-1

[Event "Challenge"]
[Site "http://www.queenalice.com/game.php?id=774824"]
[Date "2010.5.13"]
[Round "-"]
[White "JCOELHO"]
[Black "kxkmuller"]
[Result "0-1"]
[WhiteElo "2010"]
[BlackElo "2099"]

1. e4 c5 2. d4 cxd4 3. Qxd4 Nc6 4. Qd1 Nf6 5. Nc3 e5 6. Nf3 Bb4 7. Bc4 Na5 8.
Nxe5 Qe7 9. Nxf7 Rf8 10. O-O Nxc4 11. Ng5 Bxc3 12. bxc3 h6 13. Nf3 d6 14. Nh4
Kf7 15. Re1 Re8 16. Nf5 Bxf5 17. Bf4 Be6 18. h4 Kg8 19. e5 dxe5 20. Bxe5 Nxe5
21. Rxe5 Ng4 22. Re4 Qxh4 23. Rf4 Qh2+ 24. Kf1 Bc4+ 25. Rxc4 Qh1# 0-1

[Event "Challenge"]
[Site "http://www.queenalice.com/game.php?id=784497"]
[Date "2010.6.2"]
[Round "-"]
[White "kxkmuller"]
[Black "majawi"]
[Result "1-0"]
[WhiteElo "2120"]
[BlackElo "2122"]

1. e4 c5 2. Nf3 Nc6 3. d4 cxd4 4. Nxd4 e5 5. Nb5 d6 6. N1c3 a6 7. Na3 Be6 8. Nc4
b5 9. Ne3 Nf6 10. g3 Be7 11. Bg2 O-O 12. O-O Nd4 13. Ncd5 Nxd5 14. Nxd5 Bxd5 15.
exd5 g6 16. c3 Nf5 17. Bh3 Ng7 18. a4 f5 19. Re1 h5 20. Bf1 h4 21. axb5 hxg3 22.
hxg3 axb5 23. Rxa8 Qxa8 24. Bxb5 Kf7 25. Bc6 Qc8 26. Qf3 Rh8 27. Re4 Qg8 28. Rb4
Qh7 29. Bd2 Qh2+ 30. Kf1 g5 31. Bd7 Qh7 32. b3 g4 33. Qg2 Qg6 34. Ra4 Rh3 35.
Kg1 Qh7 36. Bb5 Nh5 37. Be3 Nf6 38. Bd3 e4 39. Be2 Nd7 40. Ra7 Nf6 41. c4 Qh8
42. c5 Ne8 43. Bg5 1-0

[Event "Challenge"]
[Site "http://www.queenalice.com/game.php?id=784500"]
[Date "2010.6.2"]
[Round "-"]
[White "kxkmuller"]
[Black "anmarton"]
[Result "1-0"]
[WhiteElo "2145"]
[BlackElo "2159"]

1. e4 e6 2. d4 Qe7 3. Nf3 Qd8 4. Nc3 Qe7 5. Bg5 f6 6. Bf4 d6 7. Qd2 b6 8. O-O-O
Bb7 9. Bc4 Nd7 10. Nb5 Kd8 11. e5 d5 12. Bd3 c6 13. exf6 gxf6 14. Nd6 Rb8 15.
Rhe1 1-0

[Event "Challenge"]
[Site "http://www.queenalice.com/game.php?id=814870"]
[Date "2010.8.7"]
[Round "-"]
[White "kxkmuller"]
[Black "eddval"]
[Result "1-0"]
[WhiteElo "2169"]
[BlackElo "2152"]

1. e4 c5 2. Nf3 e6 3. d4 cxd4 4. Nxd4 a6 5. c4 Qc7 6. Nc3 Nc6 7. Be3 Nf6 8. Rc1
Bb4 9. f3 O-O 10. a3 Bxc3+ 11. Rxc3 d5 12. exd5 exd5 13. c5 Re8 14. Be2 Ne5 15.
Bf2 Bd7 16. O-O Rad8 17. Re1 h6 18. Qd2 Be6 19. Bg3 Bc8 20. c6 Qb6 21. c7 Rd7
22. Bf2 Nc4 23. Qc1 Qd6 24. Nf5 Qe5 25. Nxh6+ gxh6 26. Bxc4 Qg5 27. Rce3 Rxe3
28. Bxe3 Qf5 29. Bb3 h5 30. Bd4 Rd6 31. Bc2 Ne4 32. fxe4 Qg4 33. h3 Qd7 34. Qg5+
1-0

[Event "AUTO-OPEN-1963"]
[Site "http://www.queenalice.com/game.php?id=860861"]
[Date "2010.11.19"]
[Round "2"]
[White "kxkmuller"]
[Black "mauricio_sm"]
[Result "1-0"]
[WhiteElo "2223"]
[BlackElo "1987"]

1. e4 c5 2. Nf3 d6 3. d4 cxd4 4. Nxd4 e5 5. Bb5+ Bd7 6. Bxd7+ Qxd7 7. Nf5 g6 8.
Ne3 Nf6 9. Nc3 Bg7 10. f3 Nc6 11. O-O O-O 12. Ned5 Ne7 13. Nxe7+ Qxe7 14. Qd3 a6
15. Rd1 Rfd8 16. Bg5 Rd7 17. Nd5 Qe6 18. Nb6 Rad8 19. Nxd7 Rxd7 20. c4 h6 21.
Bxf6 Bxf6 22. c5 Be7 23. Qd5 Kf8 24. Qxe6 fxe6 25. Rac1 Ke8 26. cxd6 Rxd6 27.
Rxd6 Bxd6 28. Rc8+ Kd7 29. Rg8 Bc5+ 30. Kf1 Bd4 31. Rxg6 Bxb2 32. Rg7+ Kc6 33.
Re7 b5 34. Rxe6+ Kb7 35. Rxh6 a5 36. Rh7+ Kc6 37. h4 Kc5 38. g4 b4 39. g5 1-0

[Event "AUTO-OPEN-1963"]
[Site "http://www.queenalice.com/game.php?id=860862"]
[Date "2010.11.19"]
[Round "2"]
[White "mauricio_sm"]
[Black "kxkmuller"]
[Result "0-1"]
[WhiteElo "2017"]
[BlackElo "2213"]

1. e4 c5 2. Nf3 d6 3. d4 cxd4 4. Nxd4 Nf6 5. Nc3 a6 6. Bc4 e5 7. Nf3 Be6 8. Qd3
Nc6 9. a3 Rc8 10. Ng5 Bxc4 11. Qxc4 d5 12. exd5 Nd4 13. Qd3 Nxd5 14. Nxd5 Nxc2+
15. Ke2 Nd4+ 0-1

[Event "AUTO-OPEN-1963"]
[Site "http://www.queenalice.com/game.php?id=860863"]
[Date "2010.11.19"]
[Round "2"]
[White "kxkmuller"]
[Black "alechess"]
[Result "1-0"]
[WhiteElo "2246"]
[BlackElo "2164"]

1. e4 c5 2. Nf3 d6 3. d4 cxd4 4. Nxd4 Nf6 5. Nc3 g6 6. f3 Bg7 7. Be3 O-O 8. Qd2
Nc6 9. g4 Nxd4 10. Bxd4 Be6 11. h4 h5 12. Nd5 Bxd5 13. exd5 hxg4 14. h5 gxh5 15.
Bd3 e5 16. dxe6 fxe6 17. fxg4 hxg4 18. O-O-O Rc8 19. Qg5 e5 20. Rh2 exd4 21.
Rdh1 Kf7 22. Qg6+ Ke6 23. Qxg7 d5 24. Rh6 Rc7 25. Qxg4+ Kd6 26. Qf4+ Kc5 27. b4+
Kc6 28. Re1 Rd7 29. Qxd4 Kc7 30. Re6 Ne4 31. Qxa7 Qg5+ 32. Kb1 Rg8 33. Rc6+ Kd8
34. Qb8+ Ke7 35. Rh7+ Rg7 36. Qg8 Qg1+ 37. Kb2 Qd4+ 38. Kb3 Nd2+ 39. Ka4 Qa7+
40. Ba6 bxc6 41. Rxg7+ Kd6 42. Rg6+ Ke5 43. Qe6+ Kd4 44. Qf6+ Ke3 45. Rg3+ Ke4
46. Rg4+ Ke3 47. Qf4# 1-0

[Event "AUTO-OPEN-1963"]
[Site "http://www.queenalice.com/game.php?id=860864"]
[Date "2010.11.19"]
[Round "2"]
[White "alechess"]
[Black "kxkmuller"]
[Result "0-1"]
[WhiteElo "2164"]
[BlackElo "2231"]

1. e4 c5 2. Nf3 d6 3. d4 cxd4 4. Nxd4 a6 5. Nc3 Nf6 6. Bc4 Nc6 7. Be3 e5 8. Nb3
Be6 9. Bxe6 fxe6 10. O-O Be7 11. Qd2 d5 12. Bg5 d4 13. Bxf6 Bxf6 14. Na4 O-O 15.
Nbc5 Rf7 16. Nd3 Rc8 17. Nac5 Qd6 18. Rac1 Nd8 19. Nb3 Rfc7 20. g3 Nf7 21. a3
Bg5 22. f4 Bh6 23. Qe2 exf4 24. gxf4 e5 25. Qf2 a5 26. a4 exf4 27. Nxf4 Rf8 28.
c3 dxc3 29. Rcd1 Qe5 30. bxc3 Ng5 31. Qd4 Qxd4+ 32. Rxd4 Rxc3 33. Nxa5 Rf3 34.
Nxb7 R8xf4 35. Rd8+ Kf7 36. Rxf3 Nxf3+ 37. Kf2 Nd2+ 38. Kg2 Nxe4 39. Rd4 Ke6 40.
a5 Ke5 41. Ra4 Rf2+ 42. Kh3 Bf4 43. a6 Rxh2+ 44. Kg4 h5+ 45. Kf3 Rf2# 0-1

[Event "AUTO-OPEN-1963"]
[Site "http://www.queenalice.com/game.php?id=909956"]
[Date "2011.3.8"]
[Round "3"]
[White "kxkmuller"]
[Black "JeanBart"]
[Result "1-0"]
[WhiteElo "2267"]
[BlackElo "2034"]

1. e4 e6 2. d4 d5 3. Nc3 Bb4 4. e5 c5 5. a3 Bxc3+ 6. bxc3 Ne7 7. Qg4 Ng6 8. h4
h5 9. Qg3 c4 10. Ne2 Nd7 11. Nf4 Ndf8 12. Be2 Nxf4 13. Bxf4 Ng6 14. Bg5 Qa5 15.
O-O Bd7 16. Rab1 Bc6 17. f4 Qxa3 18. Ra1 Qb2 19. f5 exf5 20. e6 fxe6 21. Bc1
Qxa1 22. Qxg6+ Kf8 23. Qxe6 1-0

[Event "AUTO-OPEN-1963"]
[Site "http://www.queenalice.com/game.php?id=909957"]
[Date "2011.3.8"]
[Round "3"]
[White "JeanBart"]
[Black "kxkmuller"]
[Result "0-1"]
[WhiteElo "2034"]
[BlackElo "2260"]

1. e4 c5 2. Nf3 d6 3. d4 cxd4 4. Nxd4 Nf6 5. Nc3 g6 6. Bc4 Bg7 7. Be3 Nc6 8. f3
Na5 9. Be2 a6 10. Qd2 b5 11. O-O-O Qc7 12. Kb1 Bb7 13. h4 h5 14. Rhe1 Nc4 15.
Qc1 Nxe3 16. Qxe3 b4 17. Na4 Rc8 18. c3 Qa5 19. b3 bxc3 20. Rc1 Bh6 21. f4 e5
0-1